Syed Ahmed Shaheed (Record no. 2843)

MARC details
000 -LEADER
fixed length control field 00643nam a2200265 a 4500
020 ## - INTERNATIONAL STANDARD BOOK NUMBER
ISBN
082 00 - DEWEY DECIMAL CLASSIFICATION NUMBER
Classification number 297.8
Author Cutter MEH
100 ## - MAIN ENTRY--AUTHOR NAME
Author name Mehr, Ghulam Rasool
245 ## - TITLE STATEMENT
Title Syed Ahmed Shaheed
260 ## - PUBLICATION, DISTRIBUTION, ETC. (IMPRINT)
Place of publication Lahore
Name of publisher Kitab Manzil
Year of publication 1952
300 ## - PHYSICAL DESCRIPTION
Number of Pages 479p
500 ## - GENERAL NOTE
General note includes index and biblioraphy
505 2# - FORMATTED CONTENTS NOTE
Formatted contents note Index
650 ## - SUBJECT ADDED ENTRY--TOPICAL TERM
Topical Term Islam-Movements-barelvi
650 ## - SUBJECT ADDED ENTRY--TOPICAL TERM
Topical Term Syed Ahmad Barelvi
650 ## - SUBJECT ADDED ENTRY--TOPICAL TERM
Topical Term Islam-Afghanistan
942 ## - ADDED ENTRY ELEMENTS (KOHA)
Koha item type Books
700 1# -
-- Mehr, Ghulam Rasool
Holdings
Collection code Home library Current library Date acquired Cost, normal purchase price Full call number Accession Number Koha item type
  Henry Martyn Institute Library Henry Martyn Institute Library 07/13/2007 100.00 297.8 MEH 03095 Books
                   Copyright © 2026 | Henry Martyn Institute | Hyderabad | TS-500052 | INDIA | Implemented by hmi.edu.in
Hit-Count:

Powered by Koha